| 000 | 00600nam a22001937a 4500 | ||
|---|---|---|---|
| 003 | BUBTL | ||
| 008 | 220703b ||||| |||| 00| 0 eng d | ||
| 020 | _a9789849614715 | ||
| 082 | _a657.01/ C4595a/ 2022 | ||
| 100 |
_92941 _aChowdhury, Dhiman |
||
| 245 |
_aApplied Accounting Theory: _bPrivate and Public Sector / _cDhiman Chowdhury |
||
| 300 |
_a272 p.: _c23 cm. |
||
| 500 | _aIncludes Index | ||
| 505 | _aAccounting, Applied Accounting Theory, Dhiman Chowdhury | ||
| 650 | 0 |
_95 _aAccounting |
|
| 856 |
_k0 _l0 _yDownload |
||
| 942 |
_2ddc _cBK |
||
| 999 |
_c6720 _d6720 |
||